[Event "45th FIDE Chess Olympiad - Women's Sect"]
[Site "Budapest, Hungary"]
[Date "2024.09.12"]
[Round "2.17"]
[White "Rivera, Ingris"]
[Black "Song, Yuxin"]
[Result "0-1"]
[WhiteElo "2171"]
[BlackElo "2373"]
[PlyCount "86"]
[EventDate "2024.??.??"]
[WhiteTeam "Colombia"]
[BlackTeam "China"]
[WhiteTeamCountry "COL"]
[BlackTeamCountry "CHN"]
[WhiteClock "0:00:49"]
[BlackClock "0:47:17"]

1. d4 Nf6 2. c4 e6 3. Nf3 b6 4. Nc3 Bb4 5. Bg5 h6 6. Bh4 Bb7 7. e3 g5 8. Bg3 Ne4 9. Qc2 d6 10. Bd3 Bxc3+ 11. bxc3 Nxg3 12. hxg3 g4 ({RR} 12... Nd7 13. e4 e5 14. Nd2 Qf6 15. d5 O-O-O 16. Nf1 Kb8 17. Ne3 Nc5 18. Be2 Qg6 19. Nf5 Bc8 20. Bh5 Qf6 21. Ne3 Bd7 22. f3 a5 23. Qd2 Qg7 24. Ke2 Rhf8 25. Bg4 Qg6 26. Bf5 Qf6 27. Ng4 {Iniyan,P (2495)-Momin Fayzan (1950) chess.com INT 2024 1-0 (41)}) 13. Nd2 $146 ({RR} 13. Nh4 Nc6 14. Be4 Qe7 15. O-O O-O-O 16. Rfb1 Rhg8 17. Qa4 Nb8 18. Bd3 Rg5 19. Qc2 Nc6 20. Rb2 Qd7 21. Rab1 Kb8 22. Qe2 Na5 23. e4 Ba6 24. Rd1 Qc8 25. Rbd2 c5 26. d5 Qc7 27. Kh2 Rdg8 {Kazimova,N (2364)-Pogonina,N (2490) Mamaia 2016 0-1 (58)}) ({RR} 13. Nh4 Qe7 14. O-O Nc6 15. Rab1 Rg8 16. Be4 Rg5 17. d5 Na5 18. dxe6 fxe6 19. c5 Rxc5 20. Bxb7 Nxb7 21. Qa4+ Qd7 22. Qxg4 O-O-O 23. Qg6 h5 24. Nf3 e5 25. Rfc1 Ra5 26. Rc2 Qe8 27. Qxe8 Rxe8 {Li,S (2558)-Zhou,J (2607) Xinghua 2013 ½-½ (35)}) ({RR} 13. Nh4 Nd7 14. e4 Qg5 15. Rb1 Bc6 16. Qd2 Nf6 17. Qe2 Qa5 18. Rc1 O-O-O 19. O-O Qg5 20. Rb1 Nh5 21. Rb2 Rdg8 22. Rfb1 Nf4 23. Qd2 Ng6 24. Qxg5 hxg5 25. Nxg6 Rxg6 26. Kf1 Rh2 27. Ke2 Rgh6 {Urh,Z (2049)-Meglic,J (1965) Nova Gorica 2017 ½-½ (39)}) ({RR} 13. Nh4 Qg5 14. O-O Nc6 15. Rab1 a6 16. Qe2 Ne7 17. Rb2 h5 18. a4 Qa5 19. Qc2 O-O-O 20. Ra1 Kb8 21. Raa2 c5 22. Rb5 axb5 23. axb5 Qxa2 24. Qxa2 Kc7 25. Qb2 Ra8 26. e4 e5 27. f3 gxf3 {Maksimenko,V (2246)-Vokhidov,S (2415) Karaganda 2015 0-1 (51)}) 13... Bxg2 14. Rh4 h5 15. Be4 Bxe4 16. Qxe4 Nd7 17. Ke2 Nf6 18. Qc6+ Ke7 19. Rah1 Qd7 20. Qxd7+ Kxd7 21. Kd3 Rag8 22. e4 Rg5 23. a4 Rh6 24. Rb1 a6 25. Nb3 Ng8 26. Ra1 Ne7 27. a5 b5 28. c5 Kc6 29. Re1 d5 30. exd5+ Rxd5 31. Rh2 Kd7 32. c4 bxc4+ 33. Kxc4 Nc6 34. Re4 Rf6 35. Re3 Rdf5 36. Re2 Rf3 37. Rd2 R6f5 38. Rg2 Ke7 39. Rh2 Rd5 40. Rd1 Ne5+ 41. Kb4 Nd3+ 42. Rxd3 Rxd3 43. Kc4 Rd1 0-1

[Event "45th FIDE Chess Olympiad - Women's Sect"]
[Site "Budapest, Hungary"]
[Date "2024.09.12"]
[Round "2.18"]
[White "Guo, Qi"]
[Black "Argote Heredia, Valentina"]
[Result "1-0"]
[WhiteElo "2367"]
[BlackElo "2144"]
[PlyCount "79"]
[EventDate "2024.??.??"]
[WhiteTeam "China"]
[BlackTeam "Colombia"]
[WhiteTeamCountry "CHN"]
[BlackTeamCountry "COL"]
[WhiteClock "0:08:18"]
[BlackClock "0:00:43"]

1. d4 Nf6 2. Nf3 e6 3. c4 Bb4+ 4. Bd2 Qe7 5. g3 Nc6 6. Nc3 O-O 7. Bg2 Bxc3 8. Bxc3 Ne4 9. Rc1 d6 10. O-O f5 ({RR} 10... a5 11. Be1 f5 12. d5 Nd8 13. Nd4 e5 14. Nb5 Nf7 15. Qc2 Nc5 16. b3 f4 17. a3 Ng5 18. b4 axb4 19. axb4 Na6 20. c5 Bf5 21. Qc4 Bh3 22. Bd2 Bxg2 23. Kxg2 Qd7 24. gxf4 exf4 25. Bxf4 {Dreev,A (2698)-Adams,M (2740) chessassistantclub.com INT 2004 0-1}) ({RR} 10... e5 11. Be1 Bg4 12. d5 Nb8 13. Nh4 Ng5 14. Bd2 Nh3+ 15. Kh1 Na6 16. f3 Bd7 17. e4 g6 18. Bh6 Rfe8 19. Qd2 f6 20. b4 Ng5 21. Rce1 Rad8 22. a3 c5 23. b5 Nb8 24. a4 Bc8 25. a5 {Weetik,V (2423)-Terry,R (2520) chess.com INT 2023 0-1 (49)}) 11. d5 Nd8 12. b4 $146 ({RR} 12. Nd2 Nxc3 13. Rxc3 e5 14. c5 Nf7 15. Qb3 f4 {½-½ (15) Keene,R (2505)-Karlsson,L (2500) Dortmund 1982}) ({RR} 12. dxe6 Nxe6 13. Nd4 N6g5 14. e3 Bd7 15. Qb3 c5 16. Ne2 Bc6 17. f3 Nxc3 18. Rxc3 Kh8 19. Rd3 a6 20. Nc3 b5 21. f4 Ne4 22. Bxe4 fxe4 23. Rd2 Rab8 24. Rfd1 Be8 25. Rxd6 Bh5 26. R1d2 b4 {Postny,E (2400)-Horvath,A (2412) Oropesa del Mar 1999 1-0 (66)}) ({RR} 12. dxe6 Nxe6 13. Nd2 Nxc3 14. Rxc3 a5 15. Ra3 f4 16. Ne4 Bd7 17. Nc3 Bc6 18. Nd5 Bxd5 19. Qxd5 c6 20. Qd2 fxg3 21. hxg3 Nc5 22. Bf3 a4 23. Kg2 Qf6 24. Re3 Rae8 25. Rxe8 Rxe8 26. Rh1 h6 {Beliavsky,A (2618)-Cebalo,M (2453) Bled 1999 1-0 (53)}) 12... a5 13. a3 Bd7 14. Bb2 e5 15. c5 Nf7 16. Nd2 Nf6 17. Nc4 axb4 18. axb4 Ra6 19. Qd3 Rfa8 20. Na5 dxc5 21. Nxb7 e4 22. Qd2 cxb4 23. Rxc7 Ne8 24. Rcc1 Rb6 25. Nc5 Ra5 26. Nb3 Rab5 27. f3 e3 28. Qd3 f4 29. Rc4 fxg3 30. hxg3 Qg5 31. Nc5 Bc8 32. Ne4 Qd8 33. Qxe3 Bb7 34. Rd1 Rg6 35. Rc5 Rbb6 36. f4 Ned6 37. Nxd6 Nxd6 38. Bh3 Qh4 39. Qe6+ Kf8 40. Qxg6 1-0

[Event "45th FIDE Chess Olympiad - Women's Sect"]
[Site "Budapest, Hungary"]
[Date "2024.09.12"]
[Round "2.19"]
[White "Chirivi C, Jenny Astrid"]
[Black "Ni, Shiqun"]
[Result "0-1"]
[WhiteElo "2120"]
[BlackElo "2348"]
[PlyCount "84"]
[EventDate "2024.??.??"]
[WhiteTeam "Colombia"]
[BlackTeam "China"]
[WhiteTeamCountry "COL"]
[BlackTeamCountry "CHN"]
[WhiteClock "0:28:11"]
[BlackClock "0:33:35"]

1. d4 d5 2. c4 c6 3. cxd5 cxd5 4. Nc3 Nc6 5. Bf4 e6 6. e3 Bd6 7. Bxd6 Qxd6 8. f4 Nge7 9. Nf3 Bd7 10. Bd3 f6 11. O-O O-O 12. Rc1 Rac8 $146 ({RR} 12... Be8 13. Nh4 Bf7 14. Bb1 e5 15. fxe5 fxe5 16. Qg4 Qh6 17. Rce1 Be6 18. Nf5 Nxf5 19. Bxf5 Rxf5 20. Rxf5 Ne7 21. Qg3 Bxf5 22. Qxe5 Qe6 23. Qc7 Qd7 24. Qe5 Be6 25. Rf1 Ng6 26. Qg3 Rf8 27. Rxf8+ {Vasquez Schroder,R (2542)-Khairullin,I (2658) Khanty-Mansiysk 2013 0-1 (37)}) ({RR} 12... Be8 13. g4 e5 14. fxe5 fxe5 15. Nxe5 Rxf1+ 16. Bxf1 Nxe5 17. dxe5 Qxe5 18. Qd4 Nc6 19. Qxe5 Nxe5 20. Nxd5 Rd8 21. Rd1 Kf8 22. Be2 Bf7 23. e4 Bxd5 24. exd5 Ke7 25. Kf2 Kd6 26. Ke3 Rc8 27. Rd2 {Zhang,X (2157)-Zhang,Z (2004) Tianjin CHN 2024 1-0 (63)}) 13. Bb1 Be8 14. Ne1 Bg6 15. Nd3 Nf5 16. Qd2 Qe7 17. Nb5 a6 18. Nc3 Nd6 19. b3 b6 20. Nf2 Bxb1 21. Rxb1 Qb7 22. Na4 Rc7 23. Rbc1 Rfc8 24. Rfd1 Ne7 25. Qe1 Nef5 26. Nd3 Rxc1 27. Rxc1 Rxc1 28. Qxc1 h5 29. g3 a5 30. Nf2 Qa6 31. Qd2 Qb5 32. Nb2 Qc6 33. Kg2 Qc2 34. Qxc2 Nxe3+ 35. Kf3 Nxc2 36. Na4 b5 37. Nc5 Nxd4+ 38. Ke3 N6f5+ 39. Kd3 e5 40. fxe5 fxe5 41. g4 e4+ 42. Kc3 b4+ 0-1

[Event "45th FIDE Chess Olympiad - Women's Sect"]
[Site "Budapest, Hungary"]
[Date "2024.09.12"]
[Round "2.20"]
[White "Lu, Miaoyi"]
[Black "Mogollon Tobar, Nicolle Julieth"]
[Result "1-0"]
[WhiteElo "2438"]
[BlackElo "2045"]
[PlyCount "81"]
[EventDate "2024.??.??"]
[WhiteTeam "China"]
[BlackTeam "Colombia"]
[WhiteTeamCountry "CHN"]
[BlackTeamCountry "COL"]
[WhiteClock "0:01:29"]
[BlackClock "0:00:39"]

1. e4 c6 2. d4 d5 3. exd5 cxd5 4. Bd3 Nf6 5. c3 Bg4 6. Qb3 Qc7 7. h3 Bh5 8. g4 Bg6 9. Bxg6 hxg6 10. g5 Nfd7 11. Qxd5 e5 12. Be3 Nc6 13. Nd2 Nb6 14. Qe4 O-O-O 15. Ne2 Nd5 $146 ({RR} 15... f5 16. gxf6 gxf6 17. Qxg6 Kb8 18. h4 Ka8 19. Nf3 Nc4 20. O-O-O Qa5 21. dxe5 Ba3 22. Nfd4 Bxb2+ 23. Kb1 Nxd4 24. Rxd4 Qb5 25. Rxc4 Bxc3+ {0-1 (25) Buglisi,M (1941)-Saroldi,G (1696) Arco ITA 2023}) ({RR} 15... f5 16. gxf6 gxf6 17. Qxg6 exd4 18. Nxd4 Nxd4 19. cxd4 Nd5 20. Kd1 Kb8 21. Rc1 Qa5 22. a3 f5 23. Bg5 Be7 24. Bxe7 Nxe7 25. Qg3+ f4 26. Qxf4+ Ka8 27. Rc4 Rhf8 28. Qg3 Nf5 29. Qe5 Qb6 30. Kc1 {Leniart,A (2465)-Bluebaum,M (2640) Legnica 2021 0-1 (71)}) ({RR} 15... f5 16. gxf6 gxf6 17. Qxg6 exd4 18. cxd4 Nd5 19. Rc1 Kb8 20. Qg3 Bd6 21. Qf3 Qf7 22. Ne4 Bc7 23. a3 Rhe8 24. N4c3 Nxe3 25. fxe3 Qb3 26. Kf2 f5 27. Rhd1 Rd7 28. Rd2 Ne5 29. Qh5 Red8 30. Nf4 {Tukhaev,A (2542)-Mchedlishvili,M (2608) Ankara 2018 0-1 (44)}) 16. O-O-O exd4 17. Bxd4 Nxd4 18. Qxd4 Bc5 19. Qg4+ Kb8 20. Ne4 Bb6 21. Kb1 Rhe8 22. Rhe1 Ne7 23. N2g3 Nc6 24. f4 Rxd1+ 25. Rxd1 Rd8 26. f5 Ne5 27. Qe2 Nc4 28. fxg6 fxg6 29. Rd3 Rxd3 30. Qxd3 Ne3 31. Nd6 Bc5 32. Nge4 Nf5 33. Nxf5 gxf5 34. Nxc5 Qxc5 35. Qd8+ Qc8 36. Qxc8+ Kxc8 37. Kc2 Kd7 38. Kd3 Ke6 39. Kd4 g6 40. c4 b6 41. b4 1-0

[Event "45th FIDE Chess Olympiad - Women's Sect"]
[Site "Budapest, Hungary"]
[Date "2024.09.12"]
[Round "2.21"]
[White "Osmak, Yuliia"]
[Black "Martynkova, Olena"]
[Result "0-1"]
[WhiteElo "2471"]
[BlackElo "2176"]
[PlyCount "67"]
[EventDate "2024.??.??"]
[WhiteTeam "Ukraine"]
[BlackTeam "Lithuania"]
[WhiteTeamCountry "UKR"]
[BlackTeamCountry "LTU"]
[WhiteClock "0:00:33"]
[BlackClock "0:01:40"]

1. d4 d5 2. c4 c6 3. Nf3 Nf6 4. e3 g6 5. Nc3 Bg7 6. Be2 O-O 7. O-O Nbd7 8. cxd5 Nxd5 9. e4 Nxc3 ({RR} 9... Nc7 10. Bg5 Nb6 11. h3 h6 12. Be3 Kh7 13. a4 Be6 14. b3 f5 15. a5 Nd7 16. Rc1 Nf6 17. exf5 Bxf5 18. Nh4 e6 19. Nf3 Nfd5 20. Nxd5 Nxd5 21. a6 Qb6 22. axb7 Qxb7 23. Bd2 Rab8 24. Re1 {Grischuk,A (2776)-Jobava,B (2603) chess24.com INT 2021 1-0 (63)}) 10. bxc3 e5 11. Be3 ({RR} 11. Bg5 Qa5 12. Bd2 Qc7 13. Rc1 Re8 14. Qc2 b6 15. Bc4 Nf8 16. Be3 Be6 17. Bd3 c5 18. Nxe5 Bxe5 19. dxe5 Qxe5 20. f4 Qc7 21. f5 gxf5 22. Bf4 Qc6 23. exf5 Bd5 24. c4 Be4 25. Rce1 Bxd3 {Cervantes Landeiro,T (2234)-Kozelov,R (2104) Saint Louis 2022 1-0 (36)}) 11... Re8 12. Qc2 $146 ({RR} 12. d5 cxd5 13. Qxd5 Nf6 14. Qxd8 Rxd8 15. Rfd1 Bg4 16. h3 Be6 17. Ng5 Rxd1+ 18. Rxd1 Bxa2 19. Ra1 h6 20. Rxa2 hxg5 21. f3 Bf8 22. Bxg5 Bc5+ 23. Kh2 Kg7 24. Rd2 a5 25. Bc4 a4 26. Bxf6+ Kxf6 {Reis,P (2376)-Azevedo Junior,J (2039) Recife 2010 1-0 (74)}) 12... Qc7 13. Rad1 exd4 14. cxd4 Nb6 15. d5 Bg4 16. d6 Qd7 17. Rd2 Bxf3 18. Bxf3 Qe6 19. Rb1 Red8 20. Bc5 Be5 21. a4 Nc4 22. Bg4 Bxh2+ 23. Kxh2 Qe5+ 24. g3 Nxd2 25. Rb4 b6 26. Bd4 Qxd6 27. Qxd2 c5 28. e5 Qd5 29. e6 cxb4 30. exf7+ Qxf7 31. Qe1 Re8 32. Qxb4 Re4 33. f3 Re2+ 34. Kh1 0-1

[Event "45th FIDE Chess Olympiad - Women's Sect"]
[Site "Budapest, Hungary"]
[Date "2024.09.12"]
[Round "2.24"]
[White "Simkunaite, Gabija"]
[Black "Doluhanova, Evgeniya"]
[Result "1/2-1/2"]
[WhiteElo "2005"]
[BlackElo "2304"]
[PlyCount "82"]
[EventDate "2024.??.??"]
[WhiteTeam "Lithuania"]
[BlackTeam "Ukraine"]
[WhiteTeamCountry "LTU"]
[BlackTeamCountry "UKR"]
[WhiteClock "0:28:21"]
[BlackClock "0:11:03"]

1. e4 e5 2. Nf3 Nc6 3. Nc3 Nf6 4. d4 exd4 5. Nxd4 Bb4 6. Nxc6 bxc6 7. Bd3 d5 8. exd5 O-O 9. O-O cxd5 10. h3 c6 11. Qf3 Nd7 ({RR} 11... Rb8 12. Bf4 Bd6 13. b3 a5 14. Rfe1 Be6 15. Na4 Qc7 16. Bg5 Nd7 17. Qh5 g6 18. Qe2 Bh2+ 19. Kh1 Bf4 20. Bxf4 Qxf4 21. Rad1 Rfe8 22. Qe3 Qxe3 23. Rxe3 Kf8 24. Kh2 c5 25. Ba6 Red8 26. Re2 {Van Foreest,J (2644)-So,W (2765) Wijk aan Zee 2020 ½-½ (39)}) 12. Qf5 $146 ({RR} 12. Bf4 Re8 13. Qg3 a5 14. Ne2 Nc5 15. Nd4 Qf6 16. Nf3 Nxd3 17. cxd3 Ba6 18. Rfc1 Rac8 19. d4 Re4 20. Be5 Qg6 21. a3 Be7 22. Qxg6 hxg6 23. Rc2 a4 24. Rac1 Bb5 25. Nd2 Re2 26. Nf1 f6 {Sanal,V (2577)-So,W (2765) chess.com INT 2023 1-0 (64)}) ({RR} 12. Bf4 Nc5 13. Rfe1 Nxd3 14. Qxd3 Qf6 15. Bd2 Bf5 16. Qg3 Bxc2 17. Nxd5 cxd5 18. Bxb4 Rfe8 19. Rec1 Bg6 20. Qc3 d4 21. Qd2 d3 22. Bc3 Qf5 23. Re1 h5 24. b3 Qd5 25. Re3 Rxe3 26. Qxe3 Qc6 {Tao,S (2147)-Navarrete Mendez,G (2189) chess.com INT 2024 ½-½ (88)}) ({RR} 12. Bf4 Re8 13. Rad1 Bxc3 14. bxc3 Ne5 15. Qg3 Nxd3 16. cxd3 Bf5 17. c4 Qf6 18. cxd5 cxd5 19. d4 Re2 20. a3 Rae8 21. Be5 Qg6 22. Qxg6 hxg6 23. Rc1 Ra2 24. Rc3 f6 25. Bg3 Ree2 26. Rd1 Bc2 {Moraes,N (2178)-Brown,E (2057) Chess.com INT 2020 1-0 (32)}) ({RR} 12. Bf4 Re8 13. Rfe1 Nc5 14. Bf1 Ne4 15. Rad1 Bxc3 16. bxc3 Be6 17. c4 Qa5 18. cxd5 cxd5 19. c4 Qxa2 20. cxd5 Bxd5 21. Re2 Qb3 22. Rd3 Qb7 23. Qe3 Nf6 24. Qd4 Rxe2 25. Bxe2 Be6 26. Rg3 Ne8 {Paravyan,D (2620)-Seo,J (2479) Chess.com INT 2022 ½-½ (111)}) 12... g6 13. Qf4 Qe7 14. Qg3 Nc5 15. Bg5 f6 16. Bh6 Rd8 17. a3 Nxd3 18. axb4 Nxb2 19. Rfe1 Qf7 20. Ne2 Nc4 21. Nd4 Bd7 22. Re2 Re8 23. Rxe8+ Qxe8 24. Qc7 a6 25. c3 Ne5 26. Bf4 Nf7 27. Bd2 Qd8 28. Qg3 a5 29. bxa5 Rxa5 30. Rb1 Ra8 31. Bf4 Qe8 32. Nf3 Bf5 33. Re1 Qd7 34. Nd4 c5 35. Nxf5 Qxf5 36. Qe3 Rc8 37. g4 Qd7 38. Rd1 g5 39. Bg3 f5 40. gxf5 Qxf5 41. Kh2 Kg7 1/2-1/2

[Event "45th FIDE Chess Olympiad - Women's Sect"]
[Site "Budapest, Hungary"]
[Date "2024.09.12"]
[Round "2.25"]
[White "Ryjanova, Julia"]
[Black "Mammadzada, Gunay"]
[Result "0-1"]
[WhiteElo "2255"]
[BlackElo "2433"]
[PlyCount "170"]
[EventDate "2024.??.??"]
[WhiteTeam "Australia"]
[BlackTeam "Azerbaijan"]
[WhiteTeamCountry "AUS"]
[BlackTeamCountry "AZE"]
[WhiteClock "0:01:10"]
[BlackClock "0:03:52"]

1. d4 {Marin,Mihail} d5 2. c4 c6 3. Nf3 Nf6 4. Qc2 dxc4 5. Qxc4 Bf5 6. g3 e6 7. Bg2 Be7 8. Nc3 O-O 9. O-O Nbd7 10. Re1 Ne4 11. Qb3 Nb6 ({RR} 11... Qb6 12. Nh4 Bxh4 ({RR} 12... Qxb3 13. axb3 Bb4 14. Nxf5 exf5 15. Bxe4 fxe4 16. Bd2 Rfe8 ({RR} 16... Bxc3 17. bxc3) 17. Nxe4 Rxe4 18. Bxb4 Rxd4 19. Bc3 Re4 20. f3 Re7 21. e4 f6 22. Red1 Kf7 23. Kf2 Ke8 24. g4 Ne5 25. Kg3 Nf7 26. h4) 13. gxh4 Nef6 14. e4 ({RR} 14. Qxb6 axb6 15. Bf4 b5 16. Bd6 Rfd8 17. e4 Bg6 18. f3 Nf8 19. Bc5 Bh5 20. a4 bxa4 21. Nxa4 Ng6 22. Nb6 Rab8 23. Re3 Nxh4 24. Rb3 h6 25. Bh1 Kh7 26. Kf2 Rg8 27. Ra7) 14... Bg6 ({RR} 14... Qxb3 15. axb3 Bg6 16. Bf4 Rfe8 17. Bd6 a6 18. d5 ({RR} 18. Na4 Rad8 19. f3 h6 20. Rad1) 18... cxd5 19. exd5 e5) 15. Qxb6 axb6 16. Bf4 Rfe8 17. Rad1 b5 ({RR} 17... e5 18. dxe5 Nxe5 19. f3 Bh5 20. Bxe5 ({RR} 20. Kf2) 20... Rxe5 21. a4 Re7 22. Rd4 Kf8 23. Ne2 Bg6 24. Red1 Nh5 25. Ng3 c5 26. Rd8+ Rxd8 27. Rxd8+ Re8 28. Rxe8+ Kxe8 29. Kf2 Nxg3 30. hxg3 f6 31. Ke3) 18. Bd6 e5 19. d5 Nh5 20. Bf1 f6 21. b3 Nf4 22. a4 bxa4 23. bxa4 Bf7 24. Rb1 Ra7 25. Red1 Rc8 ({RR} 25... cxd5 26. Nxd5 ({RR} 26. exd5 Rc8) 26... Bxd5 27. exd5 Rc8) 26. Ne2 {Aronian,L (2744)-Anand,V (2779) Morelia/Linares 2007 CBM 117 [Marin,Mihail] 1-0 (48)}) 12. a4 ({RR} 12. e3 Nxc3 13. bxc3 Be4 14. c4 Qc7 15. Bb2 Bf6 16. a4 Rfd8 17. a5 Nc8 18. a6 b6 19. Nd2 Bxg2 20. Kxg2 c5 21. Ne4 Be7 22. dxc5 Bxc5 23. Qc3 Bf8 24. Nf6+ Kh8 25. Nh5 f6 26. e4 e5 {Matveeva,O (2136)-Kononenko,D (2207) chess.com INT 2024 0-1 (34)}) 12... a5 13. Nh4 $146 ({RR} 13. h4 c5 14. Nxe4 Bxe4 15. dxc5 Bxc5 16. Bg5 Qd5 17. Qxd5 Bxd5 18. Rec1 Rac8 19. Ne1 Bxg2 20. Kxg2 Bd4 21. Nd3 Nc4 22. Rab1 f6 23. b3 fxg5 24. bxc4 gxh4 25. gxh4 Rc7 26. e3 Bf6 27. h5 Rfc8 {Lee,S (2109)-Zinmar,M (2091) Seoul 2008 1-0 (45)}) ({RR} 13. Rd1 Bd6 14. Nh4 Nxc3 15. bxc3 Bg4 16. Nf3 Bf5 17. Ne1 Rb8 18. Nd3 Re8 19. e4 Bg4 20. f3 Bh5 21. Be3 Nd7 22. Rab1 Qe7 23. Nf4 Bg6 24. Nxg6 hxg6 25. f4 Rec8 26. e5 Bc7 27. c4 Bb6 {Donchenko,A (2317)-Tong,K (2060) Bad Wiessee 2016 ½-½ (72)}) 13... Bxh4 14. Nxe4 Be7 15. e3 Bb4 16. Rd1 Bg4 17. f3 Bh5 18. Bd2 Nd5 19. Nf2 Qe7 20. Bxb4 Nxb4 21. Nd3 Nd5 22. Re1 Ra6 23. Qc2 Rb6 24. Qd2 Nb4 25. Ne5 Rd8 26. Nc4 Ra6 27. Qc3 f6 28. Nd2 c5 29. dxc5 Rd3 30. Qc1 Rc6 31. Ne4 f5 32. Nc3 Qxc5 33. h3 Rc8 34. g4 Be8 35. Bf1 Bc6 36. Nb5 Qe5 37. Nd4 Qg3+ 38. Bg2 Rd8 39. Rf1 Qe5 40. gxf5 exf5 41. f4 Qxe3+ 42. Qxe3 Rxe3 43. Nxc6 Nxc6 44. Rfd1 Nd4 45. Kf1 b6 46. Rac1 Re6 47. Rc7 Red6 48. Re1 R8d7 49. Re7 Rxc7 50. Rxc7 Ne6 51. Rc4 Kf7 52. Ke2 Nd4+ 53. Ke3 Nb3 54. Rc6 Rxc6 55. Bxc6 Ke6 56. Be8 Ke7 57. Bb5 Nc5 58. Kd4 Kd6 59. Be8 Ne6+ 60. Ke3 Ke7 61. Bb5 g5 62. fxg5 Nxg5 63. h4 Ne6 64. Kf2 Kf6 65. Ke3 Ke5 66. Bd3 h6 67. Kf3 Nf4 68. Bb1 Ne6 69. Ke3 Nd4 70. Bd3 f4+ 71. Kf2 Nf5 72. h5 Ng3 73. Bg6 Kf6 74. Kf3 Kg5 75. Be8 Nxh5 76. Bd7 Nf6 77. Bc8 h5 78. Be6 Ng4 79. Bc8 Ne5+ 80. Kg2 Nc4 81. b3 Nd2 82. Be6 f3+ 83. Kg3 h4+ 84. Kf2 Kf4 85. Bd5 h3 0-1

[Event "45th FIDE Chess Olympiad - Women's Sect"]
[Site "Budapest, Hungary"]
[Date "2024.09.12"]
[Round "2.27"]
[White "Nguyen, Thu Giang"]
[Black "Balajayeva, Khanim"]
[Result "0-1"]
[WhiteElo "2068"]
[BlackElo "2384"]
[PlyCount "128"]
[EventDate "2024.??.??"]
[WhiteTeam "Australia"]
[BlackTeam "Azerbaijan"]
[WhiteTeamCountry "AUS"]
[BlackTeamCountry "AZE"]
[WhiteClock "0:00:42"]
[BlackClock "0:17:48"]

1. e4 e5 2. Nf3 Nc6 3. Nc3 Nf6 4. d4 exd4 5. Nxd4 Bb4 6. Nxc6 bxc6 7. Bd3 d5 8. exd5 O-O 9. O-O cxd5 10. h3 c6 11. Qf3 Bd6 12. Re1 Rb8 13. b3 Be6 14. Bf4 Bxf4 15. Qxf4 c5 ({RR} 15... a5 16. Na4 Rb4 17. Qe3 d4 18. Qg3 Bd5 19. Re2 Re8 20. Rae1 Rxe2 21. Rxe2 Qf8 22. Qc7 Nh5 23. g3 g6 24. Qxa5 Qc8 25. Qxb4 Qxh3 26. Qb8+ Kg7 27. Be4 Nxg3 28. Qxg3 {1-0 (28) Beulen,M (2359)-Oliveira,T (1982) chess.com INT 2024}) 16. Rad1 Qa5 17. Re3 $146 ({RR} 17. Qd2 Qb4 18. Na4 Rfc8 19. c3 Qa3 20. Bc2 Bd7 21. Nb2 c4 22. Rb1 Kh8 23. Qc1 cxb3 24. Bxb3 Bf5 25. Ra1 Ne4 26. Na4 Qxc1 27. Raxc1 Be6 28. Rcd1 Nf6 29. Re3 Rc7 30. f3 Rbc8 31. Rd4 {½-½ (31) Mammadov,Z (2398)-Visakh,N (2536) Ankara TUR 2023}) ({RR} 17. Na4 Bd7 18. Nb2 Qxa2 19. Na4 Qa3 20. Ra1 Qb4 21. Qxb4 cxb4 22. Nc5 Bb5 23. Rxa7 Bxd3 24. Nxd3 Ra8 25. Rxa8 Rxa8 26. Nxb4 Rb8 27. Nc6 Rb6 28. Ra1 g6 29. Ra8+ Kg7 30. Nd4 Rb4 31. Ra4 Rb6 {Mikhailovsky,V (2215)-Moskvin,A (2189) chess.com INT 2022 0-1 (50)}) ({RR} 17. Ne2 h6 18. Qe5 Nd7 19. Qd6 Qb6 20. Qg3 Nf6 21. Nf4 Rbe8 22. c4 d4 23. Re5 Bd7 24. Rde1 Rxe5 25. Rxe5 Re8 26. Rxe8+ Bxe8 27. Qf3 Qc6 28. Nd5 Nxd5 29. cxd5 Qd6 30. Qe4 Kf8 31. b4 cxb4 {Atakhan,A (2319)-Krivonosov,O (2362) Chess.com INT 2021 1-0 (76)}) 17... Rb4 18. Qe5 Nd7 19. Qh5 Nf6 20. Qe5 Nd7 21. Qh5 g6 22. Qh6 Qd8 23. Rg3 Qf6 24. Ne2 Rh4 25. Qe3 Qe5 26. Qxe5 Nxe5 27. f4 Nxd3 28. Rdxd3 Rh5 29. Rge3 d4 30. g4 Rd5 31. Rg3 Bc8 32. Nc3 Rd6 33. Ne4 Rc6 34. Nf2 Re8 35. Rd2 Re1+ 36. Kh2 Rce6 37. Nd3 Ra1 38. Rg1 Rxa2 39. Nxc5 Rc6 40. Ne4 Rcxc2 41. Rxc2 Rxc2+ 42. Kg3 Bb7 43. Nd6 Bc6 44. Ra1 Rc3+ 45. Kf2 Rxb3 46. Rxa7 Rf3+ 47. Ke2 Rxf4 48. Rc7 Bg2 49. g5 Bxh3 50. Kd3 Kf8 51. Ra7 Be6 52. Rc7 Rg4 53. Rc5 Ke7 54. Nb5 Bf5+ 55. Kd2 d3 56. Rc7+ Ke6 57. Rc6+ Kd5 58. Rf6 Rg2+ 59. Ke3 Re2+ 60. Kf3 Re7 61. Nc3+ Kd4 62. Nd1 Re1 63. Nf2 Be6 64. Rf4+ Ke5 0-1

[Event "45th FIDE Chess Olympiad - Women's Sect"]
[Site "Budapest, Hungary"]
[Date "2024.09.12"]
[Round "2.30"]
[White "Frayna, Janelle Mae"]
[Black "Yip, Carissa"]
[Result "0-1"]
[WhiteElo "2216"]
[BlackElo "2386"]
[PlyCount "109"]
[EventDate "2024.??.??"]
[WhiteTeam "Philippines"]
[BlackTeam "United States of America"]
[WhiteTeamCountry "PHI"]
[WhiteClock "0:03:24"]
[BlackClock "0:11:35"]

1. c4 g6 2. d4 Bg7 3. Nf3 d6 4. Nc3 Nf6 5. e4 O-O 6. Be2 Nbd7 7. O-O e5 8. Re1 Re8 9. Bf1 exd4 10. Nxd4 a6 11. f3 ({RR} 11. Bg5 c6 12. Qd2 Nc5 13. f3 Qc7 14. Kh1 Nfd7 15. Bh6 a5 16. Bxg7 Kxg7 17. b3 Ne5 18. f4 Ng4 19. Qb2 Kg8 20. Rad1 Qb6 21. h3 Nf6 22. e5 dxe5 23. Rxe5 Bd7 24. Nf3 Rxe5 25. fxe5 Nfe4 {Sebenik,M (2536)-Ceres,D (2438) Nova Gorica SLO 2024 0-1 (43)}) 11... c6 $146 ({RR} 11... h6 12. Be3 Kh7 13. Qd2 Ne5 14. b3 Bd7 15. Nc2 Qe7 16. a4 Rad8 17. Rad1 Bc8 18. Bf2 h5 19. Bh4 c6 20. f4 Neg4 21. h3 Nh6 22. Qf2 Qc7 23. e5 dxe5 24. Rxd8 Rxd8 25. fxe5 Nfg8 26. Bxd8 {Mahmud,S (2325)-Sofyan,S Jakarta 1997 1-0 (38)}) ({RR} 11... Rb8 12. Be3 Ne5 13. Qd2 Be6 14. Nxe6 fxe6 15. Rad1 Qe7 16. a3 Rbd8 17. b4 c6 18. Qc1 Qf7 19. a4 d5 20. cxd5 exd5 21. exd5 cxd5 22. Bf4 Nc6 23. Rxe8+ Qxe8 24. b5 axb5 25. axb5 Ne7 26. Be5 {Van Heeswijk,E-Eppinga,R Nijmegen 1992 ½-½ (32)}) ({RR} 11... Rb8 12. Be3 Nc5 {½-½ (12) Rybansky,D (2284)-Csolto,R (2317) Slovakia 2010}) 12. Nb3 Qc7 13. Be3 Ne5 14. Rc1 Be6 15. Nd5 Bxd5 16. cxd5 c5 17. a4 Rab8 18. a5 Qd8 19. Rc2 h6 20. Qa1 Nh5 21. Nd2 Kh8 22. Qa4 b5 23. axb6 Rxb6 24. Bxa6 Rb4 25. Qa2 f5 26. Bf1 f4 27. Bf2 g5 28. Nc4 Rg8 29. Qa6 Nxc4 30. Bxc4 Rb6 31. Qa3 Be5 32. Rb1 Rb4 33. Be1 Bd4+ 34. Kf1 g4 35. Bxb4 cxb4 36. Qd3 Qf6 37. Rd1 Be3 38. e5 Qh4 39. Re1 Qxh2 40. Rxe3 Qh1+ 41. Ke2 fxe3 42. Qxe3 gxf3+ 43. gxf3 Qh2+ 44. Kd3 Nf4+ 45. Kd4 Qxc2 46. Qxf4 Qxb2+ 47. Ke4 Qxe5+ 48. Qxe5+ dxe5 49. Kxe5 Rb8 50. Bb3 Kg7 51. d6 Kf8 52. f4 h5 53. f5 h4 54. Kf4 Rd8 55. Ke4 0-1